000 00365nam a22001217a 4500
999 _c4584
_d4584
003 OSt
005 20210824120359.0
008 210824b ||||| |||| 00| 0 spa d
245 1 0 _aLeyes Fundamentales :
_bde la Provincia de Tierra del Fuego, Antártida e Islas del Atlántico Sur
260 _aUshuaia :
_bLa Lenga,
_c2021.
300 _a603 p.
_c23 cm.
942 _2udc
_cLIB